| 000 | 00730nam a2200181 i 4500 | ||
|---|---|---|---|
| 001 | 57966 | ||
| 003 | ES-MaACL | ||
| 007 | t| | ||
| 008 | 031020s1953 sp ||||1| spa d | ||
| 100 | 1 |
_aDuclós, Francisco. _945842 |
|
| 245 | 1 | 0 |
_aMicrocardiopatías _b: los síndromes electrocardiográficos más frecuentes : su valorización clínica / _cpor Francisco Duclos. |
| 260 |
_aSevilla : _b[s.n., _c1953] |
||
| 300 |
_aXV, 379 p. ; _c24 cm. |
||
| 500 | _aPrecede al tít.: IV Congreso Nacional de Cardiología y I Reunión Luso-Española, Primera Ponencia. | ||
| 711 | 2 |
_aCongreso Nacional de Cardiología. _qReunión Luso Española ( _n4º. _d1953. _cMadrid) _9203657 |
|
| 852 |
_aES-MaACL _jC-9056 _bR.37198 |
||
| 999 |
_c57966 _d57966 |
||